000 00279nam a22001097a 4500
008 170116b xxu||||| |||| 00| 0 eng d
020 _a9780803602441
041 _aeng
080 _a618.2
245 _aESSENTIALS OF NURSING LEADERSHIP AND MANAGEMENT
_cTAPPEN, R.M
942 _2udc
_cBK
999 _c2967
_d2967